| 000 | 00433nam a2200157 4500 | ||
|---|---|---|---|
| 001 | 140628 | ||
| 003 | ES-MaACL | ||
| 007 | t| | ||
| 008 | 070214s1967 sp r ||||1| spa d | ||
| 100 | 1 |
_aSeco, Rafael. _9105047 |
|
| 245 | 1 | 0 |
_aManual de gramática española / _crevisado y ampliado por Rafael Seco. |
| 250 | _a9ª. ed. | ||
| 260 |
_aMadrid : _bAguilar, _c1967. |
||
| 300 |
_aXXIV, 322 p. ; _c19 cm. |
||
| 852 |
_aES-MaACL _jC-7384 |
||
| 999 |
_c140628 _d140628 |
||